| 000 | 00785nam a2200217Ia 4500 | ||
|---|---|---|---|
| 999 |
_c39321 _d39321 |
||
| 001 | 5907 | ||
| 003 | GE_BSU | ||
| 005 | 20190821122232.0 | ||
| 008 | 181216s1954||||ge |||||||||||||| ||geo|| | ||
| 040 | _cGE_BSU | ||
| 041 | _ageo | ||
| 080 | _a821.353.1-1 ა-13 | ||
| 100 |
_aაბაშიძე, გრიგოლ _91383 |
||
| 245 |
_aდროშები : _bლექსები / _cგრიგოლ აბაშიძე ; რედ. ს. ჩიქოვანი. |
||
| 264 |
_aთბილისი : _bსაბჭოთა მწერალი ; _c1945. |
||
| 300 |
_a60 გვ. ; _c16 სმ. |
||
| 653 | _aდროშები | ||
| 653 | _aლექსები | ||
| 700 |
_aჩიქოვანი, ს. _eრედაქტორი _93719 |
||
| 942 |
_cBK _2udc |
||